<?xml version="1.0" encoding="UTF-8"?>
<collection xmlns="http://www.loc.gov/MARC21/slim">
  <record>
    <leader>00000nam  2200000   4500</leader>
    <controlfield tag="001">INLIS000000000018527</controlfield>
    <controlfield tag="005">20241121091500</controlfield>
    <datafield tag="035" ind1="#" ind2="#">
      <subfield code="a">0010-1124000193</subfield>
    </datafield>
    <controlfield tag="007">ta</controlfield>
    <controlfield tag="008">241121###########################0######</controlfield>
    <datafield tag="245" ind1="#" ind2="#">
      <subfield code="a">LitEra :</subfield>
      <subfield code="b">Navigasi Mahasiswa Cerdas Di Era Digital /</subfield>
      <subfield code="c">Andi Ridha Yayank Wijayanti, M.Hut</subfield>
    </datafield>
    <datafield tag="260" ind1="#" ind2="#">
      <subfield code="a">Makassar :</subfield>
      <subfield code="b">Puslatbang KMP RI LAN Makassar,</subfield>
      <subfield code="c">2024</subfield>
    </datafield>
    <datafield tag="300" ind1="#" ind2="#">
      <subfield code="a">47 ;</subfield>
      <subfield code="c">30</subfield>
    </datafield>
    <datafield tag="650" ind1="#" ind2="4">
      <subfield code="a">Navigasi mahasiswa cerdas di era digital bertujuan untuk meningkatkan kemampuan mahasiswa</subfield>
    </datafield>
    <datafield tag="700" ind1=" " ind2="#">
      <subfield code="a">Nurlaela, S.P., M.Si (Mentor)</subfield>
    </datafield>
    <datafield tag="700" ind1=" " ind2="#">
      <subfield code="a">Wahyuni Fajaruddin, S.H., M.H. (Coach)</subfield>
    </datafield>
    <datafield tag="520" ind1="#" ind2="#">
      <subfield code="a">Kegiatan LitEra: Navigasi Mahasiswa Cerdas Di Era Digital bertujuan untuk meningkatkan kemampuan mahasiswa Program Studi Kehutanan Universitas Sulawesi Barat dalam memperoleh pustaka yang relevan untuk penyusunan tugas akhir. Mahasiswa sering mengalami kesulitan dalam mengakses dan memanfaatkan sumber informasi ilmiah secara efektif. Melalui Aktualisasi ini, mahasiswa dilatih menggunakan laman digital seperti Google Scholar dan Open Knowledge Maps melalui workshop yang kemudian dipraktekkan dalam kegiatan belajar mengajar pada MK Metodologi Penelitian. Kegiatan ini mengintegrasikan prinsip Manajemen ASN berupa kinerja dosen profesional yang diimplementasikan melalui kontribusi dalam pembimbingan riset mahasiswa, serta pemanfaatan teknologi untuk meningkatkan atkan kualitas pengajaran. Prinsip SMART ASN berupa penerapan teknologi untuk meningkatkan akses pustaka, efisiensi proses pencarian informasi, dan pengembangan kompetensi literasi digital mahasiswa. Penerapan nilai-nilai ASN BerAKHLAK menjadi dasar pelaksanaan aktualisasi ini. Kegiatan LitEra menjadi awal yang penting dalam meningkatkan kualitas penelitian mahasiswa dan mendukung dosen dalam perannya sebagai fasilitator akademik yang adaptif dan inovatif.</subfield>
    </datafield>
    <datafield tag="856" ind1="#" ind2="#">
      <subfield code="a">PUSLATBANG KMP LAN RI Makassar</subfield>
    </datafield>
  </record>
</collection>
